000 00188 a2200097 4500
001 3458
100 _aDurrell, L
245 _aBitter Lemons
260 _a
_bTaber
_c
090 _c2724
_d2724
942 _aNUST-CAE
_cM
_c19158
999 _c238531
_d238531